20 Flattest countries (and 20 least flat ones!) - Statistics

General Stats
  • This quiz has been taken 2,989 times
  • The average score is 8 of 40
Answer Stats
HINT ANSWER % Correct
8 Nepal (93 by area, 2 by height span)
77%
4 Switzerland (132 by area, 36 by height span)
51%
7 Australia (6 by area, 107 by height span)
50%
1 Bhutan (133 by area, 5 by height span)
50%
3 Niger (21 by area, 130 by height span)
27%
11 Republic of the Congo (64 by area, 151 by height span)
25%
2 Mali (23 by area, 144 by height span)
24%
10 Libya (16 by area, 104 by height span)
23%
13 Liechtenstein (191 by area, 109 by height span)
23%
20 Nigeria (31 by area, 98 by height span)
22%
16 Finland (65 by area, 139 by height span)
21%
18 Ukraine (45 by area, 116 by height span)
21%
1 Mauritania (28 by area, 157 by height span)
20%
10 Tajikistan (94 by area, 7 by height span)
18%
7 Armenia (139 by area, 47 by height span)
17%
3 Georgia (119 by area, 23 by height span)
17%
8 Belarus (84 by area, 181 by height span)
16%
14 Ghana (80 by area, 160 by height span)
16%
17 Kyrgyzstan (85 by area, 10 by height span)
16%
14 Azerbaijan (112 by area, 33 by height span)
15%
6 Central African Republic (43 by area, 146 by height span)
15%
12 Senegal (86 by area, 168 by height span)
15%
5 Rwanda (145 by area, 51 by height span)
14%
13 Uruguay (89 by area, 170 by height span)
14%
5 Paraguay (59 by area, 163 by height span)
13%
19 Benin (100 by area, 167 by height span)
12%
4 Botswana (47 by area, 153 by height span)
12%
9 Burkina Faso (74 by area, 169 by height span)
12%
17 Gabon (76 by area, 147 by height span)
12%
2 Lebanon (163 by area, 60 by height span)
12%
6 Taiwan (134 by area, 41 by height span)
12%
12 Costa Rica (126 by area, 43 by height span)
11%
16 Slovenia (151 by area, 75 by height span)
10%
15 Zambia (38 by area, 118 by height span)
10%
20 Guatemala (105 by area, 37 by height span)
9%
15 Equatorial Guinea (142 by area, 64 by height span)
7%
9 Cape Verde (167 by area, 77 by height span)
6%
19 Comoros (171 by area, 100 by height span)
6%
11 East Timor (155 by area, 69 by height span)
6%
18 Dominican Republic (128 by area, 56 by height span)
5%
No matching quizzes found
Score Distribution
Percent of People with Each Score
Percentile by Number Answered
Your Score History
You have not taken this quiz